000 00639nam a22001817a 4500
003 UA-OsUOA
001 15059
007 ta
008 20031029b un ||||| |||| 00| 0 ukr d
100 _aКруглик К.
942 _cSA
040 _aUA-OsUOA
_cUA-OsUOA
_dUA-OsUOA
245 _aЗамальовки на тему польської культури
_b[Урочист. вечір в рамках днів пол. культури пройшов у Рівному]
300 _aС.2
955 _a0
773 0 _w0
_tСім днів
_dРівне
_d2003
_g№39/26 верес./
650 7 _aДні польської культури
_2UDC
999 _c301224
_d301224